[Event "SVK-ch U10 Girls"]
[Site "Stara Lubovna"]
[Date "2021.07.02"]
[Round "8"]
[White "Stryckova, Zuzana"]
[Black "Polackova, Eva"]
[Result "0-1"]
[WhiteElo "1000"]
[BlackElo "1260"]
[PlyCount "36"]
[EventDate "2021.06.26"]
[EventType "swiss"]
[EventRounds "9"]
[EventCountry "SVK"]
[SourceTitle "CBM 203 Extra"]
[Source "ChessBase"]
[SourceDate "2021.09.30"]
[SourceVersion "1"]
[SourceVersionDate "2021.09.30"]
[SourceQuality "1"]

1. e4 c6 2. Nf3 d5 3. Nc3 dxe4 4. Nxe4 Nd7 5. Bc4 Ngf6 6. Neg5 e6 7. Qe2 Nb6 8. Bb3 h6 9. Ne4 Nxe4 10. Qxe4 Be7 11. 0-0 0-0 12. d3 Bf6 13. Bd2 Bxb2 14. Rab1 Bf6 15. d4 Re8 16. c3 Qd6 17. Ne1 e5 18. Be3 Bd7 0-1

[Event "SVK-ch U10 Girls"]
[Site "Stara Lubovna"]
[Date "2021.06.30"]
[Round "6"]
[White "Stryckova, Zuzana"]
[Black "Gondekova, Emma"]
[Result "0-1"]
[WhiteElo "1000"]
[BlackElo "1393"]
[PlyCount "60"]
[EventDate "2021.06.26"]
[EventType "swiss"]
[EventRounds "9"]
[EventCountry "SVK"]
[SourceTitle "CBM 203 Extra"]
[Source "ChessBase"]
[SourceDate "2021.09.30"]
[SourceVersion "1"]
[SourceVersionDate "2021.09.30"]
[SourceQuality "1"]

1. e4 e5 2. Nf3 Nc6 3. Bb5 Bc5 4. 0-0 a6 5. Bxc6 dxc6 6. c3 Qf6 7. d4 Bd6 8. dxe5 Bxe5 9. Nd4 c5 10. Qa4+ c6 11. Qa5 cxd4 12. Qb6 Qd6 13. Rd1 Bxh2+ 14. Kf1 Nf6 15. f3 c5 16. cxd4 Qxb6 17. Be3 Nd7 18. Rc1 cxd4 19. Bxd4 Qxd4 20. Nc3 Qg1+ 21. Ke2 Qxg2+ 22. Ke3 0-0 23. Rab1 Ne5 24. Ne2 Qxf3+ 25. Kd4 Qxe2 26. Re1 Qc4+ 27. Ke3 Re8 28. Rh1 Qd3+ 29. Kf2 Qxe4 30. Rxh2 Qxb1 0-1